| Поле | Инд. | ПП | Название | Значение |
|---|---|---|---|---|
| Тип записи | a | |||
| Библиографический уровень | m | |||
| 001 | _ | Контрольный номер | RU/URAIT/544314 | |
| 005 | _ | Дата корректировки | 20250915104040.2 | |
| 008 | Кодируемые данные | 211025s2024 RU y f j 000 0 rus u | ||
| 020 | a | ISBN | 978-5-534-14409-3 | |
| c | Цена, тираж | 1309.00 | ||
| 040 | a | Служба первич. каталог. | ИКО Юрайт | |
| c | Служба, преобразующая запись | ИКО Юрайт | ||
| e | Правила каталог. | RCR | ||
| 041 | a | Код языка текста | rus | |
| 044 | a | Код страны публикации | RU | |
| 080 | a | Индекс УДК | 796(075.8) | |
| 084 | 2 | Источник индекса | rubbk | |
| a | Индекс другой классификации/Индекс ББК | 75я73 | ||
| 100 | 1_ | a | Автор | Алхасов Дмитрий Сергеевич |
| q | Полное имя | Дмитрий Сергеевич | ||
| 245 | a | Заглавие | Базовые и новые виды физкультурно-спортивной деятельности с методикой преподавания: спортивные игры | |
| b | Продолж. заглавия | учебник для вузов | ||
| c | Ответственность | Д. С. Алхасов, А. К. Пономарев. | ||
| 256 | a | Характеристики компьютерного файла | Электрон. дан. | |
| 260 | a | Место издания | Москва | |
| b | Издательство | Юрайт | ||
| c | Дата издания | 2024 | ||
| 300 | a | Объем | 313 с | |
| 440 | a | Серия | Высшее образование | |
| 500 | a | Примечание | URL: https://urait.ru/bcode/544314 (дата обращения: 09.02.2024). | |
| 520 | a | Аннотация | В курсе представлены теоретические и методические основы преподавания уроков физической культуры по спортивным играм в системе общего образования. В курс включены обобщающие таблицы и схемы, задания для самоконтроля, а также сборник практических работ, направленных на систематизацию знаний. Соответствует актуальным требованиям федерального государственного образовательного стандарта высшего образования. Для студентов педагогических ссузов и вузов, учителей физической культуры и других специалистов системы физического воспитания. | |
| 538 | a | Прим. о системных особенностях | Режим доступа: Электронно-библиотечная система Юрайт, для авториз. пользователей | |
| 653 | a | Ключевые слова | Физическая культура | |
| 653 | a | Ключевые слова | Гуманитарные науки | |
| 653 | a | Ключевые слова | Методика преподавания спортивных игр в высшем учебном заведении | |
| 653 | a | Ключевые слова | Спортивные игры | |
| 653 | a | Ключевые слова | Базовые и новые виды физкультурно-спортивной деятельности с методикой преподавания | |
| 653 | a | Ключевые слова | Теория и методика спортивных игр | |
| 653 | a | Ключевые слова | Теория и методика преподавания спортивных игр в школе | |
| 653 | a | Ключевые слова | Теория и методика обучения базовым видам спорта. Спортивные игры | |
| 653 | a | Ключевые слова | Физкультурно-спортивное совершенствование в базовых видах спорта: спортивные игры | |
| 653 | a | Ключевые слова | Игровые виды спорта | |
| 653 | a | Ключевые слова | Отбор и спортивная ориентация в спортивных играх | |
| 653 | a | Ключевые слова | Спортивные игры с методикой преподавания | |
| 653 | a | Ключевые слова | Подвижные и спортивные игры с методикой преподавания | |
| 653 | a | Ключевые слова | Спортивные игры и методика их преподавания | |
| 653 | a | Ключевые слова | Спортивные игры и методика преподавания | |
| 653 | a | Ключевые слова | Спортивные игры и ЛА | |
| 653 | a | Ключевые слова | Спортивные игры Физическая культура и спорт | |
| 653 | a | Ключевые слова | Повышение спортивного мастерства (спортивные игры, гимнастика) | |
| 653 | a | Ключевые слова | ТМОБВС: Спортивные игры | |
| 653 | a | Ключевые слова | Базовые виды спорта с методикой преподавания (спортивные игры) | |
| 653 | a | Ключевые слова | Теория и методика обучения спортивным играм | |
| 653 | a | Ключевые слова | Теория и методика преподавания спортивных игр | |
| 653 | a | Ключевые слова | Теория и методика избранного вида спорта Спортивные игры | |
| 653 | a | Ключевые слова | Подвижные и спортивные игры | |
| 653 | a | Ключевые слова | Физическая культура и спорт (спортивные игры) | |
| 700 | 1_ | a | Другие авторы | Пономарев Андрей Константинович |
| q | Полное имя | Андрей Константинович | ||
| 856 | 40 | n | Местонахождение сервера | Юрайт |
| g | Электронная книга | |||
| q | Тип электронного формата | html | ||
| h | Имя пользователя | ЮРАЙТ | ||
| v | Часы доступа к ресурсу | 20240803 | ||
| 2 | Способ доступа | Показать документ | ||
| x | Примечание для ЭОР | https://urait.ru/book/cover/F204B1E9-E58C-494D-9BA0-9EBC9CA9CE8C | ||
| u | URL | https://urait.ru/bcode/544314 | ||
| z | Примечание для пользователя | Участвует в КО | ||
| 856 | 41 | q | Тип электронного формата | cover |
| u | URL | https://urait.ru/book/cover/F204B1E9-E58C-494D-9BA0-9EBC9CA9CE8C |